|
|
|
|
| LEADER |
00000nam0a2200000 4500 |
| 001 |
291899 |
| 005 |
20231102000434.0 |
| 020 |
|
|
|a RU
|b 83-92434
|
| 035 |
|
|
|a (RuTPU)RU\TPU\book\316493
|
| 035 |
|
|
|a RU\TPU\book\316492
|
| 090 |
|
|
|a 291899
|
| 100 |
|
|
|a 20150417d1983 m y0rusy5003 ca
|
| 101 |
0 |
|
|a rus
|
| 102 |
|
|
|a RU
|
| 105 |
|
|
|a y z 001zy
|
| 200 |
1 |
|
|a Линии передачи сложных сечений
|e монография
|f Г. Ф. Заргано [и др.]
|g Северо-Кавказский научный центр высшей школы (СКНЦ ВШ) ; Ростовский государственный университет ; под ред. В. С. Михалевского
|
| 210 |
|
|
|a Ростов-на-Дону
|c Изд-во Ростовского ун-та
|d 1983
|
| 215 |
|
|
|a 319 с.
|
| 225 |
1 |
|
|a Актуальные проблемы науки
|
| 320 |
|
|
|a Библиогр.: с. 305-319
|
| 606 |
1 |
|
|a Радиоволноводы
|x Электромагнитное поле
|2 stltpush
|3 (RuTPU)RU\TPU\subj\22570
|9 47306
|
| 610 |
0 |
|
|a радиоэлектроника
|
| 610 |
0 |
|
|a волноводы
|
| 610 |
0 |
|
|a поперечные сечения
|
| 610 |
0 |
|
|a диэлектрическое наполнение
|
| 610 |
0 |
|
|a диэлектрические волноводы
|
| 610 |
0 |
|
|a микрополосковые линии
|
| 610 |
0 |
|
|a волноводно-щелевые антенны
|
| 610 |
0 |
|
|a цилиндрические резонаторы
|
| 610 |
0 |
|
|a СВЧ-устройства
|
| 610 |
0 |
|
|a монографии
|
| 675 |
|
|
|a 621.372.8
|v 3
|
| 701 |
|
1 |
|a Заргано
|b Г. Ф.
|g Геннадий Филиппович
|
| 701 |
|
1 |
|a Лерер
|b А. М.
|g Александр Михайлович
|
| 701 |
|
1 |
|a Ляпин
|b В. П.
|g Владимир Павлович
|
| 701 |
|
1 |
|a Синявский
|b Г. П.
|g Геннадий Петрович
|
| 702 |
|
1 |
|a Михалевский
|b В. С.
|4 340
|
| 712 |
0 |
2 |
|a Северо-Кавказский научный центр высшей школы (СКНЦ ВШ)
|c (Ростов-на-Дону)
|2 stltpush
|3 (RuTPU)RU\TPU\col\4383
|
| 712 |
0 |
2 |
|a Ростовский государственный университет
|2 stltpush
|3 (RuTPU)RU\TPU\col\3289
|
| 801 |
|
0 |
|a RU
|b RuMRKP
|c 19950704
|g psbo
|
| 801 |
|
1 |
|a RU
|b 63413507
|c 20150417
|
| 801 |
|
2 |
|a RU
|b 63413507
|c 20160901
|g RCR
|
| 942 |
|
|
|c BK
|